| 000 | 00502nam a22001817a 4500 | ||
|---|---|---|---|
| 003 | BD-DhUIB | ||
| 005 | 20260518191733.0 | ||
| 008 | 260518b |||||||| |||| 00| 0 eng d | ||
| 020 | _a9781403998767 | ||
| 040 |
_aBD-DhUIB _cBD-DhUIB |
||
| 082 | _222 | ||
| 100 |
_aAbegglen, James C. _91123 |
||
| 245 |
_a21st century Japanese management : _bnew systems lasting values/ _cby James c. Abegglen. |
||
| 260 |
_aLondon. _cc2006 |
||
| 300 |
_aix, 194p. : _billus. ; _c22cm. |
||
| 526 | _aMBA | ||
| 942 |
_2ddc _cBK |
||
| 999 |
_c711 _d711 |
||